| 000 | 01216cam a22003014a 4500 | ||
|---|---|---|---|
| 001 | 12205856 | ||
| 003 | OSt | ||
| 005 | 20231031122502.0 | ||
| 008 | 001019s2001 maua b 001 0 eng | ||
| 010 | _a 00051755 | ||
| 020 | _a0072397977 (alk. paper) | ||
| 040 |
_aDLC _cDLC _dDLC |
||
| 042 | _apcc | ||
| 050 | 0 | 0 |
_aHD78 _b.V363 2001 |
| 082 | 0 | 0 |
_a338.9 VAN 2001 _221 |
| 100 | 1 |
_aVan den Berg, Hendrik, _d1949- _97596 |
|
| 245 | 1 | 0 |
_aEconomic Growth and Development : _ban analysis of our greatest economic achievements and our most exciting challenges |
| 260 |
_aBoston; _bMcGraw-Hill, _c2001. |
||
| 300 |
_axxix, 610 p. : _bill. ; _c26 cm. |
||
| 504 | _aIncludes bibliographical references (p. 576-591) and indexes. | ||
| 650 | 0 |
_aEconomic development _xHistory. _97597 |
|
| 650 | 0 |
_aEconomic recovery _97598 |
|
| 856 | 4 | 2 |
_3Publisher description _uhttp://www.loc.gov/catdir/description/mh021/00051755.html |
| 856 | 4 | 1 |
_3Table of contents _uhttp://www.loc.gov/catdir/toc/mh021/00051755.html |
| 906 |
_a7 _bcbc _corignew _d1 _eocip _f20 _gy-gencatlg |
||
| 942 |
_2ddc _cSLOAN |
||
| 999 |
_c3406 _d3406 |
||